Capitales Europeas Costeras - Estadísticas

Estadísticas generales
  • Esta prueba ha sido intentada 6.603 veces
  • La puntuación promedio es 9 de 12
Estadísticas de respuestas
País Capital % Correcto
Grecia Atenas
92%
Noruega Oslo
90%
Portugal Lisboa
89%
Suecia Estocolmo
85%
Finlandia Helsinki
83%
Dinamarca Copenhague
78%
Irlanda Dublin
78%
Estonia Tallin
71%
Malta La Valeta
67%
Mónaco Mónaco
67%
Letonia Riga
67%
Islandia Reikiavik
65%
No se encontraron pruebas coincidentes
Distribución de puntuación
Porcentaje de gente con cada puntuación
Porcentaje por número respondido
Historial de tus puntuaciones
No has intentado esta prueba.